Revised US States on a Map - Statistics

General Stats
  • This quiz has been taken 771 times
    728 since last reset
  • The average score is 21 of 40
Answers on the Map
Answers color-coded by a green-red scale on the quiz's map according to % correct below.
 
Answer Stats
State % Correct
Texas
88%
Florida
87%
New York
85%
Washington
85%
California
83%
Alaska
82%
Maine
82%
Michigan
80%
Nevada
80%
Oregon
80%
Georgia
78%
Utah
77%
Arizona
75%
Idaho
75%
Vermont
75%
New Hampshire
73%
Colorado
67%
Carolina
65%
Dakota
63%
Kansas
63%
Mississippi
62%
West Virginia
62%
Nebraska
60%
Wyoming
60%
Ohio
57%
Pennsylvania
56%
Chicago
42%
New England
22%
Jefferson
19%
Superior
16%
East Cascadia
15%
Erie
14%
Chesapeake
13%
Appalachia
10%
Hudson
7%
Cornland
3%
Pecos
3%
Rushmore
3%
Ataka
2%
Golden Coast
2%
No matching quizzes found
Score Distribution
Percent of People with Each Score
Percentile by Number Answered
Your Score History
You have not taken this quiz since the last reset